Flagi państw graniczących z tajemniczym państwem #3 - Statystyki

Ogólne statystyki
  • Ten quiz został rozwiązany 53 razy
  • Średni wynik to 9 z 9
Statystyki odpowiedzi
Obrazkowy Hint Odpowiedź % Poprawnych
Węgry
98%
Bośnia i Hercegowina
96%
Bułgaria
96%
Chorwacja
96%
Kosowo
96%
Macedonia Północna
96%
Rumunia
96%
Czarnogóra
93%
Tajemnicze państwo Serbia
93%
Nie znaleziono quizów pasujących do podanych kryteriów
Rozkład punktacji
Procent ludzi z każdym wynikiem
Percentyl według liczby udzielonych odpowiedzi
Twoja historia wyników
Nie rozwiązałeś tego quizu